Estatísticas para Quiz do Mapa dos Sete Continentes

Clique aqui para jogar o quiz

Estatísticas Gerais

  • Esse quiz foi jogado 14 970 vezes
  • A pontuação média é 6 de 7

Respostas no mapa

Respostas codificadas por cores de uma escala verde-vermelha no mapa do quiz de acordo com a % correta abaixo.
Carregando ...
 

Estatísticas das Respostas

Resposta% Correto
América do Sul
95%
América do Norte
94%
África
94%
Ásia
92%
Antártica
92%
Europa
88%
Oceania
88%

Distribuição das Pontuações

Percentil de Números Respondidos

Porcentagem de Pessoas com Cada Pontuação

Sua Pontuação Histórica

Você não jogou esse quiz